000 00614nam a2200229Ia 4500
003 OSt
005 20221005130622.0
006 a|||||r|||| 00| 0
007 ta
008 221004b |||||||| |||| 00| 0 mal d
024 _a55361
037 _cTextual
040 _aCRL
_cCRL
_bmal
041 _2mal
_amal
082 _aO32,3N13x, L8.1-.2
100 _aPottekkatt S.K.
_9208876
245 0 _aS.K. Pottekkattinte cherukathakal
260 _c1978
650 _aMALAYALAM POETRY
_9185636
942 _hO32,3N13x, L8.1-.2
_cTEXL
_2cc
999 _c1057823
_d1057823